Through the secret door / (Record no. 9537)

MARC details
000 -LEADER
fixed length control field 01074nam a22002057a 4500
001 - CONTROL NUMBER
control field 9537
003 - CONTROL NUMBER IDENTIFIER
control field FISKH
005 - DATE AND TIME OF LATEST TRANSACTION
control field 20260120112225.0
008 - FIXED-LENGTH DATA ELEMENTS--GENERAL INFORMATION
fixed length control field 260120b cb ||||| |||| 00| 0 eng d
040 ## - CATALOGING SOURCE
Original cataloging agency FISKH
Language of cataloging eng
Transcribing agency FISKH
Modifying agency FISKH
082 ## - DEWEY DECIMAL CLASSIFICATION NUMBER
Classification number 268.37
100 ## - MAIN ENTRY--PERSONAL NAME
Personal name Hull , Eleanor
245 ## - TITLE STATEMENT
Title Through the secret door /
Statement of responsibility, etc. written by Eleanor Hull : illustrated by Gilbert Riswold
260 ## - PUBLICATION, DISTRIBUTION, ETC.
Place of publication, distribution, etc. Boston :
Name of publisher, distributor, etc. United Church Press ,
Date of publication, distribution, etc. 1963 .
300 ## - PHYSICAL DESCRIPTION
Extent 96 pages :
Other physical details color illustrations ;
Dimensions 21 cm .
520 ## - SUMMARY, ETC.
Summary, etc. The story follows a young boy who discovers a mysterious secret door in his house. When he steps through it, he enters a magical and mysterious world that challenges his courage and curiosity. As he explores, he learns lessons about bravery, imagination, and self-discovery, encountering strange characters and unexpected adventures along the way. The book combines elements of fantasy and coming-of-age, making it both entertaining and thought-provoking for young readers.
700 ## - ADDED ENTRY--PERSONAL NAME
Personal name Riswold , Gilbert
Relator term Illustrator
942 ## - ADDED ENTRY ELEMENTS (KOHA)
Source of classification or shelving scheme Dewey Decimal Classification
Koha item type Books
Suppress in OPAC No
Holdings
Withdrawn status Lost status Source of classification or shelving scheme Damaged status Not for loan Collection Home library Current library Shelving location Date acquired Total Checkouts Full call number Barcode Date last seen Price effective from Koha item type
    Dewey Decimal Classification     Fiction Footprints International School Library Network Toul Tom Poung Campus Footprints International School Library Network Toul Tom Poung Campus TTP Secondary Fiction Bookshelves 01/20/2026   HUL 268.37 FIS00102 01/20/2026 01/20/2026 Books